The Poetical Works

Edición que contiene todos los poemas escritos por Coleridge desde su juventud hasta su adultez. El poemario contiene diversos temas como son el amor, la amistad y las reflexiones de la vida; asimismo posee algunas anotaciones del autor sobre ellos.

Збережено в:
Бібліографічні деталі
Автор: Coleridge, Samuel Taylor
Формат: Книга
Мова:Undetermined
Опубліковано: New York, Estados Unidos American News [s.f.]
Предмети:
Теги: Додати тег
Немає тегів, Будьте першим, хто поставить тег для цього запису!

MARC

LEADER 00000nam a2200000Ia 4500
008 170316s9999 xx 000 0 und d
040 |a cru BVZT 
090 |a 820 C-10g 
100 |a Coleridge, Samuel Taylor 
245 |a The Poetical Works 
260 |a New York, Estados Unidos 
260 |b American News 
260 |c [s.f.] 
300 |a 423 páginas 
520 |a Edición que contiene todos los poemas escritos por Coleridge desde su juventud hasta su adultez. El poemario contiene diversos temas como son el amor, la amistad y las reflexiones de la vida; asimismo posee algunas anotaciones del autor sobre ellos. 
650 |a LITERATURA INGLESA  |9 12 
999 |c 6762  |d 6762 
942 |c LIB  |h 820 C-10g  |2 z